[Event "Le Touquet op-B 19th"]
[Site "Le Touquet"]
[Date "2004.10.26"]
[Round "4"]
[White "Bernard, Sylvain"]
[Black "Dimart, Denis"]
[Result "0-1"]
[WhiteElo "1490"]
[BlackElo "1850"]
[PlyCount "72"]
[EventDate "2004.10.25"]
[EventType "swiss"]
[EventRounds "9"]
[EventCountry "FRA"]
[SourceTitle "EXT 2006"]
[Source "ChessBase"]
[SourceDate "2005.11.24"]
[SourceVersion "1"]
[SourceVersionDate "2005.11.24"]
[SourceQuality "1"]

1. e4 e5 2. Nf3 Nc6 3. Nc3 Nf6 4. Bc4 Be7 5. 0-0 0-0 6. d4 exd4 7. Nxd4 Ne5 8. Bb3 d6 9. Bg5 c5 10. Nde2 c4 11. Ba4 a6 12. Bxf6 Bxf6 13. Nf4 Be6 14. h3 Rb8 15. Nxe6 fxe6 16. f4 Nf7 17. e5 dxe5 18. Bd7 exf4 19. Rxf4 Qb6+ 20. Kh1 Rbd8 21. Rf2 Qxf2 22. Ne4 Qf4 23. Nc5 Be5 24. Qg1 Bd4 25. Rf1 Bxg1 26. Rxf4 Bxc5 27. Rxc4 Rxd7 28. Rxc5 Rfd8 29. Kg1 h6 30. Kf2 Ng5 31. Re5 Rd2+ 32. Kg3 Rxc2 33. h4 Rd3+ 34. Kg4 Rxg2+ 35. Kh5 g6+ 36. Kxh6 Nf7# 0-1